000 00687cam a22002413a 4500
001 9055
003 PGUSA
005 20140828083207.0
008 051001s2005||||xxu|||||s|||||000 1 eng d
040 _aPGUSA
_beng
042 _adc
050 4 _aPS
100 1 _aSheckley, Robert,
_d1928-2005
245 1 0 _aBad Medicine
_h[electronic resource] /
_cRobert Sheckley
260 _bProject Gutenberg,
_c2005
506 _aCopyrighted. Read the copyright notice inside this book for details.
516 _aElectronic text
653 _aScience fiction
653 _aShort stories
830 0 _aProject Gutenberg
_v9055
856 4 0 _uhttp://www.gutenberg.org/ebooks/9055
942 _cEB
999 _c238339
_d238339